00523nam a2200169Ia 450000500170000000800410001708200170005810000160007524500590009126000480015030000180019865000100021665000080022694200060023495200980024099900150033820240605043016.0240331s9999 xx 000 0 und d bSASa346.016 aSastri, M.A 4aThe vedic law of marriage :bthe emancipation of woman aNew DelhibAsian Educational Servicesc1918 axiv, 255 p ., aWoman aLaw cL 001040708LaWERCLbWERCLcSSCd2024-03-31l0o 346.016 SASp540r2024-03-31w2024-03-31yL c2812d2812